| 000 | 00533nam a2200181 a 4500 | ||
|---|---|---|---|
| 005 | 20140310183257.0 | ||
| 008 | 041104s19uu xx 00 eng d | ||
| 050 |
_aR 89 _b.K45 2005 |
||
| 100 | _aHeidenthal, Patricia Kelly | ||
| 245 | _aEssentials of nursing leadership & management/. | ||
| 300 |
_a400 p. : _bill .; _c25 cm. |
||
| 521 | _aNUR | ||
| 650 |
_aNursing services _xAdministration. |
||
| 650 |
_aLeadership _xOutline, syllabi, etc. |
||
| 650 |
_aNursing research _xOutlines. |
||
| 942 |
_cBK _2lcc _kFOR |
||
| 999 |
_c20871 _d20871 |
||